| 000 | 00517nam a22001577a 4500 | ||
|---|---|---|---|
| 999 |
_c18318 _d18318 |
||
| 008 | 200722b xxu||||| |||| 00| 0 eng d | ||
| 040 |
_aKABU _cKABU |
||
| 050 |
_aHD75.9 _b.R63 2016 c. 1 |
||
| 100 | _aRoca, Florencia | ||
| 245 |
_aProject evaluation techniques for entrepreneurs _cFlorencia Roca, Jorge Rojas Arzu |
||
| 260 |
_aGuatemala _bUniversity of Francisco _c2016 |
||
| 300 | _a383 p. | ||
| 650 |
_aEconomic development projects _xEvaluation |
||
| 700 | _aArzu, Jorge Rojas | ||
| 942 |
_2lcc _cBK _hHD75.9 |
||